00620nam a2200157 a 4500008004100000050001800041100001600059245005700075250001200132260004900144350000900193650004600202995007900248999001700327952011800344120416s1982 ||||||||||||||||| || u aPL 8069.1 Oge aOger, Louis14aThe English companion to ichibemba cakwa Chitimukulu a2nd ed. aChinsalibThe Language Centre Ilondolac1982 a0.00 aICIBEMBA--LANGUAGE--TEACHING AND LEARNING D0.00FCBU-MAIN LIBRARY (Kitwe)H1I0.00M1UAVAILABLEZZambiana Collection c42016d42016 00102lcc4070a001b001cZambiana Collectiond2022-11-30l0oPL 8069.1 Ogep021852r2022-11-30w2022-11-30y002